Statistics for MMA Quiz for Bundi #1

Click here to take the quiz!

General Stats

  • This quiz has been taken 88 times
  • The average score is 7 of 15

Answer Stats

QuestionAnswer% Correct
While Donald Cerrone has the record for most UFC wins, who has the most total fights under the UFC banner?Jim Miller
78%
Currently how many MALE weight divisions are there in the UFC?8
70%
During the 12th season of the The Ultimate Fighter TV show, coach George St-Pierre brought in a guest trainer known for his high level kick boxing and consumption of alcohol before training. What was his name?Jean-Charles Skarbowsky
58%
What submission technique has the highest amount of finishes in the UFC?Rear naked choke
58%
After Pride was purchased, many of the Pride staff left to form a new organization alongside K-1 parent company Fighting and Entertainment Group. That new organization, was named what?Dream
56%
Pride Fighting Championships was eventually purchased by Zuffa, what year did they put on their last event?2007
53%
UFC Hall of Famer BJ Penn fought in 5 different weight divisions. True or False?True
53%
Zuffa purchased the UFC in 2001 from Semaphore Entertainment Group for 2 Million dollars. WME-IMG purchased the UFC in 2016 for how much?4 Billion
52%
MMA fighters are known to have exciting and colorful nicknames like The Iceman and, The Axe Murderer. What was 5 year UFC vet Ian Mccall's nickname?Uncle Creepy
51%
Which of the following fighters has NOT tested positive for steroids in their career?Cheick Kongo
37%
The Gracie family is considered royalty in the MMA Community, but in 2011 Ralek Gracie attempted a Rap career. What was the name of the first song he released?G in a Gi
33%
Which UFC Fighter hilariously said the following quote "I got nothing against the guy, except he is kind of a piece of shit"Nick Diaz
33%
Throughout his UFC career, Anthony " Rumble " Johnson went through numerous weight cutting issues. Once in 2012 coming in 12 pounds overweight, leading to his UFC release. Who was he scheduled to fight against?Vitor Belfort
31%
After beating Stephan Bonnar, how many years did it take Anderson Silva to win another fight?4
23%
What city and state has the hosted the most UFC events? (other than Las Vegas, Nevada)Atlantic city, New Jersey
20%

Score Distribution

Percentile by Number Answered

Percent of People with Each Score

Your Score History

You have not taken this quiz